000 00339 a2200157 4500
001 56381
020 _a8531206391
040 _cAnchieta - Pituba
100 _aAguiar, Jayson Viana
240 1 0 _aA fábula de asas
_lpor
245 1 0 _aA fábula de asas
300 _a116
362 0 _a1998
650 4 _aLiteratura juvenil
942 _cBK
999 _c56381
_d56381